ربيع الفكر اليونانى/ (Record no. 5426)
[ view plain ]
| 000 -LEADER | |
|---|---|
| fixed length control field | 00604nac a22001691u 4500 |
| 008 - FIXED-LENGTH DATA ELEMENTS--GENERAL INFORMATION | |
| fixed length control field | 080904s1979 ku|||||r||| 000 0 ra d |
| 082 ## - DEWEY DECIMAL CLASSIFICATION NUMBER | |
| Classification number | 182 |
| Item number | ب د و |
| Edition number | 22 |
| 245 ## - TITLE STATEMENT | |
| Title | ربيع الفكر اليونانى/ |
| Statement of responsibility, etc | عبد الرحمن بدوي |
| 250 ## - EDITION STATEMENT | |
| Edition statement | ط5 |
| 260 ## - PUBLICATION, DISTRIBUTION, ETC. (IMPRINT) | |
| Place of publication, distribution, etc | الكويت: |
| Name of publisher, distributor, etc | وكالة المطبوعات، 1979 |
| Date of publication, distribution, etc | 1979 |
| 300 ## - PHYSICAL DESCRIPTION | |
| Extent | 200 ؛ص |
| Dimensions | 24 سم |
| 500 ## - GENERAL NOTE | |
| General note | يحتوي على كشاف بالأعلام |
| 504 ## - BIBLIOGRAPHY, ETC. NOTE | |
| Bibliography, etc | يحتوى على ببليوجرافية ص181-195 |
| 511 ## - PARTICIPANT OR PERFORMER NOTE | |
| Participant or performer note | Catalogued by: Sara |
| 541 ## - IMMEDIATE SOURCE OF ACQUISITION NOTE | |
| Source of acquisition | الف باء ؛ |
| 942 ## - ADDED ENTRY ELEMENTS (KOHA) | |
| Item type | Book - Borrowing |
| Call number prefix | 182ب د و |
| Source of classification or shelving scheme | Dewey Decimal Classification |
| Withdrawn status | Item status | Source of classification or shelving scheme | Damaged status | Not for loan | Vendor | Home library | Current library | Shelving location | Date acquired | Source of acquisition | Total Checkouts | Full call number | Barcode | Date last seen | Koha item type |
|---|---|---|---|---|---|---|---|---|---|---|---|---|---|---|---|
| Dewey Decimal Classification | Alef-Baa | Central Library | Central Library | Lower Floor | 28/10/2007 | 182 بدو | 000006902 | 15/07/2025 | Book - Borrowing |